Le Vrai ou Faux scientifique - Statistiques

Statistiques générales
  • Ce quiz a été pris 642 fois
    579 depuis la dernière actualisation
  • Le résultat moyen est 9 sur 14
Statistiques - réponses
Question Réponse % Correct
Vrai ou faux : toutes les espèces animales datant de la préhistoire se sont éteintes. Faux
97%
Vrai ou faux : Dans les films, si les roues des voitures tournent dans le sens contraire, c'est parce que la scène a été tournée à l'envers. Faux
89%
Vrai ou faux : Des chercheurs essaient de recréer la cape d'invisiblité de Harry Potter. Vrai
89%
Vrai ou faux : l'électricité peut se déplacer dans l'air Vrai
77%
Vrai ou Faux : Albert Einstein est le seul scientifique à avoir obtenu deux prix Nobel différents. Faux
75%
Vrai ou faux : Le sens de rotation des tornades, siphons, ... dépend de l'hémisphère sur laquelle on se trouve. Vrai
75%
Vrai ou faux : La première exoplanète a été découverte en 2019. Faux
69%
Vrai ou faux : De jour comme de nuit, le ciel est noir Vrai
62%
Vrai ou Faux : Le téléphone portable a été inventé grâce à la science-fiction. Vrai
56%
Vrai ou faux : Le Césium est l'élément chimique qui réagit le plus violemment dans l'eau. Faux
43%
Vrai ou Faux : Pythagore est le créateur du fameux "Théorème de Pythagore" Faux
39%
Vrai ou faux : La somme de tous les entiers naturels jusqu'à l'infini donne l'infini. Faux
31%
Vrai ou Faux : Le gène de la bêtise existe. Vrai
30%
Vrai ou faux : Euclide est le mathématicien grec pour lequel les historiens ont retrouvé le plus d'archives. Faux
21%
Aucun quiz correspondant
Distribution des résultats
% des personnes avec chaque résultat
Percentile par nombre de réponses
Votre historique - résultats
Vous n’avez pas pris ce quiz depuis la dernière actualisation